Proceso a la justicia española / (Record no. 25069)

MARC details
000 -LEADER
campo de control de longitud fija 00595nam a2200181 i 4500
001 - NÚMERO DE CONTROL
campo de control 25069
003 - IDENTIFICADOR DE NÚMERO DE CONTROL
campo de control ES-MaACL
005 - FECHA Y HORA DE LA ÚLTIMA TRANSACCIÓN
campo de control 20231101063025.0
007 - CAMPO FIJO DE DESCRIPCIÓN FÍSICA--INFORMACIÓN GENERAL
campo de control de longitud fija t|
008 - DATOS DE LONGITUD FIJA--INFORMACIÓN GENERAL
campo de control de longitud fija 021220s1984 sp ||||1| spa d
100 1# - ENTRADA PRINCIPAL--NOMBRE DE PERSONA
Nombre de persona Aradillas, Antonio,
Fechas asociadas al nombre 1928-
9 (RLIN) 22156
245 10 - MENCIÓN DEL TÍTULO
Título Proceso a la justicia española /
Mención de responsabilidad, etc. Antonio Aradillas ; prólogo de Francisco Fernández Ordóñez.
260 ## - PUBLICACIÓN, DISTRIBUCIÓN, ETC.
Lugar de publicación, distribución, etc. Madrid :
Nombre del editor, distribuidor, etc. [s.n.,
Fecha de publicación, distribución, etc. 1984] (
Fabricante Art. Gráf. EMA)
300 ## - DESCRIPCIÓN FÍSICA
Extensión 391 p. ;
Dimensiones 22 cm.
700 0# - ENTRADA AGREGADA--NOMBRE PERSONAL
Nombre de persona Fernández Ordóñez, Francisco.
9 (RLIN) 49968
852 ## - LOCALIZACIÓN
Ubicación ES-MaACL
Número de control de estantería L-67490
Sublocalización o colección R.107877
Holdings
Estatus retirado Estado de pérdida Estado de daño No para préstamo Biblioteca de origen Biblioteca actual Ubicación en estantería Fecha de adquisición Fuente de adquisición Total de préstamos Signatura topográfica completa Código de barras Visto por última vez Precio de reemplazo Tipo de ítem Koha
        Biblioteca del Ateneo de Madrid Biblioteca del Ateneo de Madrid Depósito 2 17/01/2008     L-67490 1025847 23/02/2023 23/02/2023 Libro impreso